Les arrêts du bus 29 à Bruxelles - Statistiques

Statistiques générales
  • Ce quiz a été pris 10 fois
  • Le résultat moyen est 16 sur 29
Statistiques - réponses
commune arrêt direction % Correct
Schaerbeek Dailly
100%
Saint-Josse Ten Noode Madou
100%
Bruxelles-ville De Brouckère
86%
Woluwe-Saint-Lambert Hof Ten Berg
86%
Saint-Josse Ten Noode Clovis
71%
Schaerbeek Diamant
71%
Bruxelles-ville Gare Centrale
71%
Saint-Josse Ten Noode Gutenberg vers De Brouckère
71%
Bruxelles-ville Parc
71%
Schaerbeek Plasky
71%
Bruxelles-ville Presse
71%
Schaerbeek Radium
71%
Saint-Josse Ten Noode Saint-Josse
71%
Schaerbeek Vinçotte
71%
Bruxelles-ville Arenberg
57%
Quartier des Squares Waterloo-wilson vers De Brouckère
57%
Woluwe-Saint-Lambert Mai
43%
Woluwe-Saint-Lambert Roodebeek
43%
Bruxelles-ville Rosa Parks
43%
Woluwe-Saint-Lambert Charmille
29%
Woluwe-Saint-Lambert Heydenberg
29%
Woluwe-Saint-Lambert Hymans
29%
Woluwe-Saint-Lambert Jespers
29%
Woluwe-Saint-Lambert Levie
29%
Woluwe-Saint-Lambert Marcel Thiry
29%
Woluwe-Saint-Lambert Moonens
29%
Woluwe-Saint-Lambert Peupliers
29%
Woluwe-Saint-Lambert Speeckaert
29%
Woluwe-Saint-Lambert Verheyleweghen
29%
Aucun quiz correspondant
Distribution des résultats
% des personnes avec chaque résultat
Percentile par nombre de réponses
Votre historique - résultats
Vous n’avez pas pris ce quiz